[Event "Pereira op"]
[Site "Pereira"]
[Date "2023.09.24"]
[Round "5"]
[White "Caicedo Vallejo, Jacobo"]
[Black "Andrade Salcedo, Jorge Mario"]
[Result "0-1"]
[WhiteElo "1211"]
[BlackElo "1522"]
[PlyCount "88"]
[EventDate "2023.09.23"]
[EventType "swiss"]
[EventRounds "6"]
[EventCountry "COL"]
[SourceTitle "EXT 2024"]
[Source "ChessBase"]
[SourceDate "2023.10.10"]
[SourceVersion "1"]
[SourceVersionDate "2023.10.10"]
[SourceQuality "1"]

1. e4 c6 2. Nf3 d5 3. Nc3 dxe4 4. Nxe4 Nf6 5. Ng3 Nbd7 6. Bc4 e6 7. 0-0 Qc7 8. d4 h5 9. Ne2 Nb6 10. Bf4 Bd6 11. Bxd6 Qxd6 12. Bb3 Nbd5 13. c4 Nf4 14. Nxf4 Qxf4 15. Qd2 Qc7 16. Qg5 Ke7 17. Ne5 b6 18. Bc2 Bb7 19. c5 Rag8 20. b4 Kf8 21. Qg3 Qd8 22. Rad1 h4 23. Qf3 Qd5 24. Qxd5 Nxd5 25. a4 g5 26. b5 f6 27. bxc6 fxe5 28. cxb7 Ke7 29. dxe5 bxc5 30. Rb1 Kd7 31. Bd3 Rb8 32. a5 Nb4 33. Rfd1 Nxd3 34. Rxd3+ Kc7 35. a6 Rhd8 36. Rxd8 Rxd8 37. Kf1 Kb8 38. Ke2 Rd5 39. Rd1 Rxe5+ 40. Kf1 Rd5 41. Rxd5 exd5 42. Ke2 c4 43. h3 d4 44. g3 g4 0-1

[Event "Pereira op"]
[Site "Pereira"]
[Date "2023.09.23"]
[Round "1"]
[White "Tineo Mojica, Ivan Esteban"]
[Black "Caicedo Vallejo, Jacobo"]
[Result "1/2-1/2"]
[WhiteElo "1688"]
[BlackElo "1211"]
[PlyCount "72"]
[EventDate "2023.09.23"]
[EventType "swiss"]
[EventRounds "6"]
[EventCountry "COL"]
[SourceTitle "EXT 2024"]
[Source "ChessBase"]
[SourceDate "2023.10.10"]
[SourceVersion "1"]
[SourceVersionDate "2023.10.10"]
[SourceQuality "1"]

1. e4 c5 2. Nc3 Nc6 3. Bb5 e5 4. Nf3 d6 5. 0-0 Nge7 6. d3 h6 7. Ne2 Bg4 8. Ng3 a6 9. Bxc6+ Nxc6 10. h3 Bxf3 11. Qxf3 Nd4 12. Qd1 Qd7 13. c3 Nc6 14. Be3 Be7 15. Nf5 Bf6 16. Rc1 Ne7 17. Ng3 0-0 18. Qf3 Qe6 19. b3 Bg5 20. Rcd1 b5 21. d4 Bxe3 22. fxe3 c4 23. d5 Qd7 24. bxc4 bxc4 25. Nf5 Nxf5 26. exf5 f6 27. Qe2 Rfc8 28. Rb1 Rc5 29. e4 Rac8 30. Rb4 a5 31. Rb2 Rb5 32. Rfb1 Rcb8 33. Qc2 Rxb2 34. Rxb2 Rxb2 35. Qxb2 Qa7+ 36. Qf2 Qb7 1/2-1/2

[Event "COL-ch U10"]
[Site "Bogota"]
[Date "2021.03.25"]
[Round "3"]
[White "Luna Monsalve, Sofia"]
[Black "Caicedo Vallejo, Jacobo"]
[Result "1/2-1/2"]
[WhiteElo "1182"]
[BlackElo "1359"]
[PlyCount "64"]
[EventDate "2021.03.24"]
[EventType "swiss"]
[EventRounds "7"]
[EventCountry "COL"]
[SourceTitle "EXT 2022"]
[Source "ChessBase"]
[SourceDate "2021.10.06"]
[SourceVersion "1"]
[SourceVersionDate "2021.10.06"]
[SourceQuality "1"]

1. d4 d5 2. c4 e6 3. Nc3 Nf6 4. cxd5 exd5 5. Bg5 Nbd7 6. e3 c6 7. Bd3 Qa5 8. Qc2 Qc7 9. Bf4 Bd6 10. Nb5 cxb5 11. Qxc7 Bxc7 12. Bxc7 a6 13. Nf3 0-0 14. 0-0 Ne8 15. Bf4 b6 16. e4 Bb7 17. e5 Nc7 18. Rac1 Ne6 19. Be3 g6 20. Ng5 Rac8 21. Nxe6 fxe6 22. Bh6 Rxc1 23. Rxc1 Rc8 24. Rxc8+ Bxc8 25. f4 b4 26. g4 Nb8 27. Kf2 Nc6 28. Ke3 a5 29. Bb5 Nb8 30. Bd3 Nc6 31. f5 exf5 32. gxf5 Bxf5 1/2-1/2

[Event "COL-ch U10"]
[Site "Bogota"]
[Date "2021.03.24"]
[Round "1"]
[White "Gonzalez Bolivar, Juan Jose"]
[Black "Caicedo Vallejo, Jacobo"]
[Result "0-1"]
[WhiteElo "1375"]
[BlackElo "1359"]
[PlyCount "48"]
[EventDate "2021.03.24"]
[EventType "swiss"]
[EventRounds "7"]
[EventCountry "COL"]
[SourceTitle "EXT 2022"]
[Source "ChessBase"]
[SourceDate "2021.10.06"]
[SourceVersion "1"]
[SourceVersionDate "2021.10.06"]
[SourceQuality "1"]

1. d4 d5 2. c4 e6 3. Nc3 Nf6 4. Bg5 Nbd7 5. a3 c6 6. e3 Be7 7. Bd3 0-0 8. Qc2 h6 9. Bh4 b6 10. Nf3 Qc7 11. 0-0 Ba6 12. cxd5 Bxd3 13. Qxd3 exd5 14. Rac1 Qb7 15. Ne5 Qc7 16. Nb5 Nxe5 17. dxe5 Qxe5 18. Rxc6 Ng4 19. f4 Qxb2 20. Bxe7 Rfe8 21. Nc7 Rxe7 22. Nxa8 Re8 23. Nc7 Nxe3 24. Nxe8 Qxg2# 0-1

[Event "Colombia Departamental U20"]
[Site "Colombia"]
[Date "2018.02.10"]
[Round "3.1"]
[White "Caicedo Vallejo, Jacobo"]
[Black "Espinel Forero, Aura Maria"]
[Result "0-1"]
[WhiteElo "1299"]
[BlackElo "1575"]
[PlyCount "22"]
[EventDate "2018.02.10"]
[EventType "tourn"]
[EventRounds "5"]
[EventCountry "COL"]
[SourceTitle "EXT 2024"]
[Source "ChessBase"]
[SourceDate "2023.10.10"]
[SourceVersion "1"]
[SourceVersionDate "2023.10.10"]
[SourceQuality "1"]

1. e4 e5 2. Nf3 Nc6 3. Bc4 Nf6 4. Nc3 Bb4 5. 0-0 Bxc3 6. dxc3 0-0 7. Bg5 d6 8. Qd2 Nxe4 9. Bxd8 Nxd2 10. Be7 Nxf3+ 11. gxf3 Nxe7 0-1